| 000 | 00390nam a22001457a 4500 | ||
|---|---|---|---|
| 020 | _a9780070634336 | ||
| 040 | _cNUST | ||
| 082 | _a621.3815 NEA | ||
| 100 |
_aNeamen, Donald A _959734 |
||
| 245 |
_aElectronic Circuits: _bAnalysis and Design |
||
| 250 | _a3rd Edition | ||
| 260 |
_aNew Dehli: _bMcGraw Hill Education, _c2016. |
||
| 650 |
_aElectronic Circuits _9112484 |
||
| 942 |
_2ddc _cBK |
||
| 999 |
_c594825 _d594825 |
||